10 Deadliest World War II Snipers - Statistics

General Stats
  • This quiz has been taken 32 times
  • The average score is 2 of 10
Answer Stats
Kills Sniper % Correct
505 Simo Häyhä/ White Death
100%
500 Ivan Mikhailovich Sidorenko
15%
422 Vasilij Ivanovich Golosov
15%
429 Fyodor Matveyevich Okhlopkov
11%
425 Fyodor Trofimovich Dyachenko
11%
489 Ivan Nikolayevich Kulbertinov
11%
437 Mikhail Ivanovich Budenkov
11%
494 Nikolay Yakovlevich Ilyin
11%
422 Stepan Vasilievich Petrenko
11%
456 Vladimir Nikolaevich Pchelintsev
11%
No matching quizzes found
Score Distribution
Percent of People with Each Score
Percentile by Number Answered
Your Score History
You have not taken this quiz